| 000 | 01416nam a2200325 i 4500 | ||
|---|---|---|---|
| 001 | 156341 | ||
| 003 | ES-MaACL | ||
| 005 | 20250901063130.0 | ||
| 008 | 990614e1890 uy |r 001 0 spa | ||
| 040 |
_aCCPB | B _bspa _cES-MaACL |
||
| 080 | _a342.52 | ||
| 080 | _a342.53 | ||
| 100 | 1 |
_aJiménez de Aréchaga, Justino E., _d1883-1928 _eaut _9128316 |
|
| 245 | 1 | 3 |
_aEl poder legislativo / _cpor Justino Jiménez de Aréchaga |
| 260 |
_aMontevideo : _b[s.n.], _c1890 _f(Librería Nacional de A. Barreiro y Ramos) |
||
| 300 |
_a377 páginas ; _c23 cm |
||
| 500 | _aÍndice | ||
| 505 | 0 | _aVol. I. Organización del Poder Legislativo, 1887 (VIII, 327 páginas) - v. II. Derecho Parlamentario; Funciones del Poder Legislativo, 1890 (377 páginas) | |
| 530 | _aDisponible en formato digital la obra completa: 2 v. | ||
| 596 | _aPie de imprenta del v. I: Montevideo : Tip. y Enc. de A. Barreiro y Ramos, 1887 | ||
| 650 | 4 |
_aPoder legislativo _9136723 |
|
| 650 | 4 |
_aDerecho parlamentario _9242161 |
|
| 700 | 1 |
_aBarreiro y Ramos, Antonio, _d1851-1916 _eprm _9242162 |
|
| 752 |
_aUruguay - _dMontevideo |
||
| 852 | 4 |
_aES-MaACL _cSPP2 _eSólo v. II _jF-11783 _xPasta española |
|
| 856 | 4 |
_uhttps://bdh-rd.bne.es/viewer.vm?id=0000049929&page=1 _yVersión en línea: 2 v. _z(Biblioteca Digital Hispánica) |
|
| 942 |
_cMONANT _n0 |
||
| 999 |
_c156341 _d156341 |
||